[Event "Canadian op"]
[Site "Edmonton"]
[Date "1989.07.15"]
[Round "1"]
[White "Waring, Andrew"]
[Black "Brodie, Hugh"]
[Result "1/2-1/2"]
[WhiteElo "1605"]
[BlackElo "1997"]
[PlyCount "66"]
[EventDate "1989.07.15"]
[EventType "swiss"]
[EventRounds "10"]
[EventCountry "CAN"]
[SourceTitle "EXT 2017"]
[Source "ChessBase"]
[SourceDate "2016.10.25"]
[SourceVersion "1"]
[SourceVersionDate "2016.10.25"]
[SourceQuality "1"]

1. d4 e6 2. e4 d5 3. Nd2 c5 4. exd5 exd5 5. Bb5+ Bd7 6. Qe2+ Be7 7. Bxd7+ Qxd7 8. dxc5 Nf6 9. Nb3 0-0 10. Be3 Na6 11. Nd4 Nxc5 12. Ngf3 Ng4 13. 0-0 Nxe3 14. Qxe3 Bf6 15. c3 Rfe8 16. Qd2 a6 17. Rfe1 Re4 18. Rxe4 dxe4 19. Ne1 Rd8 20. Nec2 Ne6 21. Rd1 Bxd4 22. Nxd4 Nxd4 23. Qxd4 Qxd4 24. Rxd4 Rxd4 25. cxd4 f5 26. f3 exf3 27. gxf3 f4 28. Kf2 Kf7 29. Ke2 Ke6 30. Kd3 Kd5 31. h4 g6 32. b3 b5 33. b4 h6 1/2-1/2